Statistics for Obce okresu Opava

Click here to take the quiz!

General Stats

  • This quiz has been taken 35 times
  • The average score is 27 of 77

Answer Stats

ObyvateléObec% Correct
6 717Kravaře
88%
56 450Opava
77%
3 255Háj ve Slezsku
69%
13 931Hlučín
69%
5 506Hradec nad Moravicí
69%
4 038Dolní Benešov
65%
1 157Mokré Lazce
62%
745Děhylov
58%
2 110Píšť
58%
1 843Velké Hoštice
58%
4 499Bolatice
54%
5 670Vítkov
54%
1 284Chuchelná
50%
1 182Hrabyně
50%
1 905Kozmice
50%
4 946Ludgeřovice
50%
1 441Otice
50%
1 245Štítina
50%
1 076Branka u Opavy
46%
2 509Hať
46%
3 280Kobeřice
46%
1 380Pustá Polom
46%
1 148Raduň
46%
761Budišovice
42%
910Litultovice
42%
2 070Markvartovice
42%
1 612Šilheřovice
42%
3 233Štěpánkovice
42%
1 352Darkovice
38%
2 052Slavkov
38%
1 003Hněvošice
35%
135Mladecko
35%
601Závada
35%
2 918Budišov nad Budišovkou
31%
749Dobroslavice
31%
1 380Holasovice
31%
501Nové Sedlice
31%
1 410Oldřišov
31%
591Rohov
31%
236Třebom
31%
1 631Vřesina
31%
661Bělá
27%
1 375Březová
27%
860Kyjovice
27%
204Lhotka u Litultovic
27%
1 031Skřipov
27%
817Služovice
27%
1 490Stěbořice
27%
634Sudice
27%
1 622Velké Heraltice
27%
1 779Bohuslavice
23%
1 169Chlebičov
23%
699Chvalíkovice
23%
1 045Dolní Životice
23%
668Hlavnice
23%
570Hlubočec
23%
1 055Jakartovice
23%
631Melč
23%
882Strahovice
23%
514Vršovice
23%
1 495Brumovice
19%
496Radkov
19%
672Štáblovice
19%
820Těškovice
19%
743Větřkovice
19%
244Jezdkovice
15%
235Kružberk
15%
948Neplachovice
15%
371Uhlířov
15%
378Čermná ve Slezsku
12%
192Nové Lublice
12%
141Staré Těchanovice
12%
263Svatoňovice
12%
285Mikolajice
8%
232Moravice
8%
399Sosnová
8%
154Bratříkovice
4%

Score Distribution

Percentile by Number Answered

Percent of People with Each Score

Your Score History

You have not taken this quiz